Central Library and Information Centre
Sibsagar Girls' College, Sivasagar : Assam

2000 SOLVED PROBLEMS IN ORGANIC CHEMISTRY (Record no. 8055)

MARC details
000 -LEADER
fixed length control field 00442cam a2200181ua 4500
008 - FIXED-LENGTH DATA ELEMENTS--GENERAL INFORMATION
fixed length control field 120106n1997 II |||gr||||Z||||||eng
040 ## - CATALOGING SOURCE
Original cataloging agency MAIN
041 ## - LANGUAGE CODE
-- English
082 ## - DEWEY DECIMAL CLASSIFICATION NUMBER
Classification number 547 BAH
100 ## - MAIN ENTRY--PERSONAL NAME
Personal name BAHL, B. S.
245 ## - TITLE STATEMENT
Title 2000 SOLVED PROBLEMS IN ORGANIC CHEMISTRY
260 ## - PUBLICATION, DISTRIBUTION, ETC.
Place of publication, distribution, etc. NEW DELHI
Name of publisher, distributor, etc. OXFORD UNIVERSITY PRESS
Date of publication, distribution, etc. 1997
300 ## - PHYSICAL DESCRIPTION
Extent 826:
Dimensions 25CM.
700 ## - ADDED ENTRY--PERSONAL NAME
Personal name BAHL, ARUN.
942 ## - ADDED ENTRY ELEMENTS (KOHA)
Koha item type Books
653 ## - INDEX TERM--UNCONTROLLED
Uncontrolled term Organic chemistry
Holdings
Withdrawn status Lost status Damaged status Not for loan Collection code Home library Current library Shelving location Date acquired Full call number Barcode Date last seen Copy number Price effective from Koha item type
        TBCHE Central Library and Information Centre Sibsagar Girls College Central Library and Information Centre Sibsagar Girls College Chemistry Rack 23.06.1998 547 BAH 15431 27.02.2020 1 27.02.2020 Books
        TBCHE Central Library and Information Centre Sibsagar Girls College Central Library and Information Centre Sibsagar Girls College Chemistry Rack 23.06.1998 547 BAH 15432 27.02.2020 2 27.02.2020 Books


Sibsagar Girl's College © 2020. All rights reserved.
Powered by Koha.
Maintained by Abhijit Borpuzari.